Old Virginia minstrel first-part; (Record no. 18261)

MARC details
000 -LEADER
fixed length control field 00551cam a22002051 4500
001 - CONTROL NUMBER
control field ca 36001363
003 - CONTROL NUMBER IDENTIFIER
control field DLC
005 - DATE AND TIME OF LATEST TRANSACTION
control field 20260227111143.0
008 - FIXED-LENGTH DATA ELEMENTS--GENERAL INFORMATION
fixed length control field 830517s1929 ilua 000 0 eng
010 ## - LIBRARY OF CONGRESS CONTROL NUMBER
LC control number ca 36001363
035 ## - SYSTEM CONTROL NUMBER
System control number (OCoLC)9517049
040 ## - CATALOGING SOURCE
Original cataloging agency DLC
Transcribing agency NcD
Modifying agency DLC
042 ## - AUTHENTICATION CODE
Authentication code premarc
050 00 - LIBRARY OF CONGRESS CALL NUMBER
Classification number PN4305.N6
Item number L323
082 ## - DEWEY DECIMAL CLASSIFICATION NUMBER
Classification number 791.1
100 1# - MAIN ENTRY--PERSONAL NAME
Personal name Lawrence, John E.
245 10 - TITLE STATEMENT
Title Old Virginia minstrel first-part;
Remainder of title a complete routine for the circle.
260 ## - PUBLICATION, DISTRIBUTION, ETC.
Place of publication, distribution, etc. Chicago,
Name of publisher, distributor, etc. T.S. Denison
Date of publication, distribution, etc. [1929]
300 ## - PHYSICAL DESCRIPTION
Extent 36 p.
Other physical details illus.
Dimensions 19 cm.

No items available.

Powered by Koha